Statistics for Marvel Characters by Picture #5

Click here to take the quiz!

General Stats

  • This quiz has been taken 34 times
  • The average score is 11 of 16

Answer Stats

Answer% Correct
She-Hulk
97%
Hawkeye
94%
Lizard
88%
Kingpin
84%
Howard the Duck
81%
Winter Soldier
81%
Kraven the Hunter
75%
Emma Frost
69%
Spider-Man 2099
66%
X-23
63%
Man-Thing
56%
Super-Skrull
56%
Ironheart
53%
Shuri
50%
Enchantress
44%
Annihilus
25%

Score Distribution

Percentile by Number Answered

Percent of People with Each Score

Your Score History

You have not taken this quiz